Catálogo

CONTABILIDAD DE COSTOS I (Registro nro. 51548)

Detalles MARC
000 -LEADER
fixed length control field 01014nam a2200193 a 4500
001 - CONTROL NUMBER
control field 51548
005 - DATE AND TIME OF LATEST TRANSACTION
control field 20180714041038.0
008 - FIXED-LENGTH DATA ELEMENTS--GENERAL INFORMATION
fixed length control field 140415s2006 mx 000 0 spa d
020 ## - INTERNATIONAL STANDARD BOOK NUMBER
International Standard Book Number 9706652051
041 ## - LANGUAGE CODE
Language code of text/sound track or separate title spa
082 ## - DEWEY DECIMAL CLASSIFICATION NUMBER
Classification number 657.42
Item number CAR
100 1# - MAIN ENTRY--PERSONAL NAME
Personal name CARDENAS NAPOLES, RAUL
245 10 - TITLE STATEMENT
Title CONTABILIDAD DE COSTOS I
250 ## - EDITION STATEMENT
Edition statement 3a ed.
260 ## - PUBLICATION, DISTRIBUTION, ETC.
Place of publication, distribution, etc. MEXICO :
Name of publisher, distributor, etc. INSTITUTO MEXICANO DE CONTADORES PUBLICOS,
Date of publication, distribution, etc. 2006
300 ## - PHYSICAL DESCRIPTION
Extent 221
Dimensions 15.7 x 1.32 x 22
520 ## - SUMMARY, ETC.
Summary, etc. EL PROPOSITO FUNDAMENTAL DE ESTE LIBRO ES PRETENDER ADAPTARSE A LOS PROGRAMAS ESTABLECIDOS EN LAS INSTITUCIONES DE ENSEÑANZA SUPERIOR, CON LOS CAMBIOS LOGICOS QUE TAMBIEN SE PRETENDEN ESTRUCTURAR ELIMINANDO ALGUNOS ASPECTOS QUE SE CONSIDERAN INTRANSCENDENTES PARA EL APRENDIZAJE DE LA MATERIA Y POCO USUALES EN NUESTRO CONTORNO ECONOMICO INDUSTRIAL, TRATANDO ADEMAS DE UTILIZAR EL LEXICO MAS ADECUADO PARA EL ENTENDIMIENTO TANTO EN ESTUDIANTES O SIMPLES LECTORES PROFESIONISTAS DE LA MATERI
650 14 - SUBJECT ADDED ENTRY--TOPICAL TERM
Topical term or geographic name entry element CONTABILIDAD DE COSTOS
Existencias
Withdrawn status Lost status Source of classification or shelving scheme Damaged status Not for loan Collection code Home library Current library Shelving location Date acquired Source of acquisition Inventory number Total Checkouts Full call number Barcode Date last seen Date last checked out Price effective from Koha item type
    Dewey Decimal Classification     General Biblioteca Karol Wojtyla Biblioteca Karol Wojtyla Sala general 03/12/2013 Compra 151000000000000000024777   657.42 CAR 76799 05/01/2026 30/09/2014 03/12/2013 Libro